000 01482cam a2200373 a 4500
001 EDZ0000159084
003 StDuBDS
005 20161031105237.0
006 m||||||||d||||||||
007 cr |||||||||||
008 130912s1993 cau fo| 000|0|eng|d
020 _a9781483326160 (ebook) :
_cNo price
040 _aStDuBDS
_beng
_cStDuBDS
_epn
049 _aAlfaisal Main Library
050 4 _aHD4904.25
_b.B34 1993
082 0 4 _a306.85
_223
245 0 0 _aBalancing work and caregiving for children, adults, and elders
_h[electronic resource] /
_cMargaret B. Neal ... [et al.].
260 _aNewbury Park :
_bSAGE,
_cc1993.
300 _a1 online resource (xi, 292 p.).
490 1 _aFamily caregiver applications series ;
_vv. 3
500 _aPublished in association with the Mandel School of Applied Socia Social Sciences, Case Western Reserve University.
521 _aSpecialized.
588 _aDescription based on print version record.
650 0 _aWork and family.
650 0 _aCaregivers.
655 7 _aElectronic books.
_2local
700 1 _aNeal, Margaret B.
710 2 _aSage eBooks
710 2 _aMandel School of Applied Social Sciences (Case Western Reserve University)
776 0 8 _iPrint version :
_z9780803942813
830 0 _aFamily caregiver applications series ;
_vv. 3.
856 4 0 _uhttp://ezproxy.alfaisal.edu/login?url=http://sk.sagepub.com/books/balancing-work-and-caregiving-for-children-adults-and-elders
942 _2lcc
_cEBOOKS
999 _c482531
_d482531